| 000 | 00832cam a22002411 4500 | ||
|---|---|---|---|
| 001 | gs 24000215 | ||
| 003 | DLC | ||
| 005 | 20260227111328.0 | ||
| 008 | 810925m19249999gw b 000 0 ger c | ||
| 010 | _ags 24000215 | ||
| 035 | _a(OCoLC)7791241 | ||
| 040 |
_aLibrary, U. S. Geological Survey _cNBuU _dOCoLC _dDLC |
||
| 042 | _apremarc | ||
| 050 | 0 | 0 |
_aQE713 _b.Z78 1924 |
| 100 | 1 |
_aZittel, Karl Alfred von, _d1839-1904. |
|
| 245 | 1 | 0 |
_aGrundzüge der paläontologie (paläozoologie), _cvon Karl A. von Zittel. Neubearb. von dr. Ferdinand Broili. |
| 250 | _a6. verb. und verm. aufl. | ||
| 260 |
_aMünchen, _aBerlin, _bDruck und verlag von R. Oldenbourg, _c1924- |
||
| 300 |
_a v. _billus., fold. tab. _c25 cm. |
||
| 504 | _aBibliographical references. | ||
| 650 | 0 | _aPaleontology. | |
| 700 | 1 |
_aBroili, Ferdinand, _d1874- _eed. |
|
| 999 |
_c26333 _d26333 |
||